02013nam a2200241 4500008004100000020001800041050002200059082002100081100002800102240005900130245025300189250001800442260003300460300005400493500009800547505090000645650002801545650004101573700003101614700003001645700004301675700005301718161006t20082015cc ad||| |||| 00| 0 spa d a978607151303804aHA29 bL5518 2015 a519.5bL64e 20151 aLind, Douglas A.eautor10aStatical Techniques in Business & Economicslespañol10aEstadística aplicada a los negocios y la economíab c / Douglas A. Lind, William G. Marchal, Samuel A. Wathen ; traducción Ricardo Martín Ruiz, María del Pilar Carril Villarreal, María del Pilar Obón León y Javier León Cárdenas a16a edición aMéxicob : Pearsonc, 2015 axxiv, 733 páginasb : ilustraciones, gráficas aIncluye: apéndices (pp.633-720) ; glosario (pp.721-725) ; índice analítico (pp.727-733) a¿Qué es la estadística? Descripción de datos: tablas de frecuencias, distribuciones de frecuencias y su representación gráfica Descripción de datos: medidas numéricas Descripción de datos: presenación y análisis Estudio de los conceptos de la probabilidad Distribuciones dicretas de probabilidad Distribuciones de probabilidad continua Métodos de muestreo y teorema del limite central Estimación e intervalos de confianza Pruebas de hipótesis de una muestra Pruebas de hipótesisi de dos muestras Análisis de la varianza Regresión lineal y correlación Análisis de regresión mútiple Métodos no paramétricos: pruebas de nivel nominal Métodos no paramétricos: análisis de datos ordinales Números índices Series de tiempo y proyección Control estadístico del proceso y administración de calidad Introducción a la teoría de decisiones 14aESTADÍSTICA COMERCIAL24aECONOMÍAxMÉTODOS ESTADÍSTICOS1 aMarchal, William G.eautor1 aWathen, Samuel, A.eautor1 aRubio Ruiz, Ricardo Martíetraductor aCarril Villarreal, María del Pilaretraductora